00508nam a22001337a 450000500170000000800410001704000230005805000150008110000380009624501150013426000540024930000450030365000260034820251216072139.0251216b |||||||| |||| 00| 0 eng d aKMUcKMUdKMUerda aHF2416.M36 aMangeni, Francis and Mold, Andrew aBorderless Africa :bA Skeptic's Guide to the Continental Free Trade Area /cMangeni, Francis and Mold, Andrew aLondon;bC. Hurst & Co. (Publishers) Ltd.,c2024. axi, 416 pages :billustrations ;c21 cm. aCross border trade.